Villes des pays baltes par population - Statistiques

Statistiques générales
  • Ce quiz a été pris 40 fois
  • Le résultat moyen est 6 sur 15
Statistiques - réponses
Population Ville % Correct
591 882 Riga
100%
592 156 Vilnius
100%
456 518 Tallinn
95%
304 210 Kaunas
63%
97 304 Tartu
45%
78 112 Daugavpils
39%
52 495 Narva
32%
159 403 Klaipeda
24%
41 529 Pärnu
21%
67 398 Liepāja
16%
54 821 Jelgava
8%
51 933 Jūrmala
8%
110 463 Šiauliai
8%
86 606 Panevėžys
5%
33 839 Kohtla-Järve
3%
Aucun quiz correspondant
Distribution des résultats
% des personnes avec chaque résultat
Percentile par nombre de réponses
Votre historique - résultats
Vous n’avez pas pris ce quiz